Football : Tous les joueurs de l'Equipe de France aux JO 2024 - Statistiques

Statistiques générales
  • Ce quiz a été pris 138 fois
    118 depuis la dernière actualisation
  • Le résultat moyen est 13 sur 22
Statistiques - réponses
Club Joueur % Correct
Toulouse FC Guillaume Restes
94%
Olympique Lyonnais Alexandre Lacazette
89%
Crystal Palace Michael Olise
88%
Crystal Palace Jean-Philippe Mateta
86%
Olympique Lyonnais Rayan Cherki
79%
FC Séville Loïc Badé
74%
Borussia Mönchengladbach Manu Koné
74%
AS Monaco Maghnes Akliouche
73%
RB Leipzig Castello Lukeba
68%
Stade Rennais Désiré Doué
68%
Stade Rennais Arnaud Kalimuendo
64%
VfB Stuttgart Enzo Millot
64%
Stade Rennais Adrien Truffert
61%
Montpellier Joris Chotard
61%
Stade Brestois Bradley Locko
53%
SC Fribourg Kiliann Sildillia
45%
Olympique Lyonnais Johann Lepenant
38%
RC Lens Andy Diouf
36%
AS Monaco Soungoutou Magassa
36%
AS Monaco Chrislain Matsima
20%
AJ Auxerre Théo De Percin
19%
Paris FC Nkambadio Obed
15%
Aucun quiz correspondant
Distribution des résultats
% des personnes avec chaque résultat
Percentile par nombre de réponses
Votre historique - résultats
Vous n’avez pas pris ce quiz depuis la dernière actualisation